Work Psychology / Understanding Human Behavior in the Workplace (Record no. 6319)
[ view plain ]
| 000 -LEADER | |
|---|---|
| fixed length control field | 01308cam a22002174a 4500 |
| 005 - ΗΜΕΡΟΜΗΝΙΑ ΚΑΙ ΩΡΑ ΤΕΛΕΥΤΑΙΑΣ ΕΝΗΜΕΡΩΣΗΣ | |
| Πεδίο ελέγχου | 20250605164239.0 |
| 008 - FIXED-LENGTH DATA ELEMENTS--GENERAL INFORMATION | |
| Πεδίο ελέγχου σταθερού μήκους | 250528s ||||||||||||||||||||||||d |
| 035 ## - SYSTEM CONTROL NUMBER | |
| System control number | 21252 |
| 020 ## - ISBN | |
| ISBN | 9780273711216 |
| 040 ## - ΠΗΓΗ ΚΑΤΑΛΟΓΟΓΡΑΦΗΣΗΣ | |
| Φορέας πρωτότυπης καταλογογράφησης | MC Athens Campus Library |
| Γλώσσα καταλογογράφησης | Ελληνικά, Μοντέρνα (1453-) |
| Modifying agency | MC Athens Campus Library |
| Κανόνες περιγραφικής καταλογογράφησης | AACR2 |
| 245 1# - ΤΙΤΛΟΣ ΚΑΙ ΔΗΛΩΣΗ ΥΠΕΥΘΥΝΟΤΗΤΑΣ | |
| Τίτλος | Work Psychology / Understanding Human Behavior in the Workplace |
| 250 ## - EDITION STATEMENT | |
| Edition statement | 5th |
| 260 ## - PUBLICATION, DISTRIBUTION, ETC. | |
| Name of publisher, distributor, etc. | Pearson, |
| Date of publication, distribution, etc. | 2010 |
| 300 ## - PHYSICAL DESCRIPTION | |
| Extent | 818 |
| 520 ## - SUMMARY, ETC. | |
| Summary, etc. | An accessible and fascinating examination of human behavior in today's workplace. Preface, Acknowledgements, Wοrk Psychology: An Initial Orientation, Theory and Research and Practice in Work Psychology, Individual Differences, The Foundations of Personnel Selection: Analyzing Jobs and Competencies and Selection Effectiveness, Personnel Selection and Assessment Methods: What Works?, Assessing Performance at Work, Attitudes at Work and the Employment Relationship, Approaches to Work Motivation and Job Design, Design at Work, Communication Technology, Training and Development, Stress and Well-Being at Work, Groups and Teams and Teamwork, Leadership, Careers and Career Management, Understanding Organizational Change and Culture, Glossary of Terms, References, Index. |
| 700 1# - ΠΡΟΣΘΕΤΗ ΑΝΑΓΡΑΦΗ--ΦΥΣΙΚΟ ΠΡΟΣΩΠΟ | |
| Personal name | Arnold John |
| 9 (RLIN) | 920 |
| 700 1# - ΠΡΟΣΘΕΤΗ ΑΝΑΓΡΑΦΗ--ΦΥΣΙΚΟ ΠΡΟΣΩΠΟ | |
| Personal name | Randall Ray |
| 9 (RLIN) | 7285 |
| 942 ## - ADDED ENTRY ELEMENTS (KOHA) | |
| Koha item type | Books |
| Τύπος τεκμηρίου | Βιβλιοθήκη | Τρέχουσα τοποθεσία | Barcode | Αριθμός εισαγωγής | Ημερομηνία απόκτησης | Ταξιθετικό σύμβολο | Αριθμός αντιτύπου | Κατάσταση απόσυρσης | Κατάσταση χαμένου | Κατάσταση κατεστραμμένου | Μη δανεισμός | Σύνολο δανεισμών | Ημερομηνία τελευταίας εμφάνισης | Η τιμή ισχύει από |
|---|---|---|---|---|---|---|---|---|---|---|---|---|---|---|
| Books | MC Athens Campus Library | MC Athens Campus Library | 9780000063182 | 5273 | 05/06/2025 | 158.7 ARN | 1 | 05/06/2025 | 05/06/2025 |